000 00622nam a2200217Ia 4500
005 20250508162331.0
008 008 250505s9999 xx 000 0 eng d
020 _a0-87589-478-X
037 _aTextual
040 _aFEDL
_beng
_cFEDL
041 _aeng
_2eng
084 _a157.3, KUT
_qFEDL
100 _aKutash Irwin L.
_986436
245 0 _aHand book on stress and anxiety
260 _aSan Francisco
_bJossey - Bass Publishers
_c1980
300 _axx,580p.
650 _aAbnormal Psychology
700 _a Schlesinger Louis B.
_9772888
942 _cTEXL
_h157.3, KUT
999 _c1375895
_d1375895